| 000 | 00463 a2200133 4500 | ||
|---|---|---|---|
| 003 | Nust | ||
| 005 | 20170207165502.0 | ||
| 040 | _cNust | ||
| 082 | _a799 | ||
| 245 |
_aEmp of AD in all Ops of War-Air Space Mgmt by Lt Col Mahmood Ejaz Malik ex SAAD,Photographs-2014 _bMCS |
||
| 260 |
_aRawalpindi _bMCS _c15-07-2014 |
||
| 650 | _aEmp of AD in all Ops of War-Air Space Mgmt by Lt Col Mahmood Ejaz Malik ex SAAD,Photographs-2014 , (CD-NO 24 Vol IV) | ||
| 651 | _aSweet Memories-MCS | ||
| 942 | _cBK | ||
| 999 |
_c212023 _d212023 |
||